000 00397nam a22001457a 4500
020 _a9976604238
082 _a658.8 MSA
100 _aMsangi,Timon M.
245 _aElement of Marketing Management: A practical approach
260 _aDar es salaam University
_b Timon M.Msangi
_c2007
300 _axii,279p
_bill.;21cm
500 _aIncludes Index
650 _aMarketing Management
942 _cBK
999 _c16156
_d16156